Instant carma : (Record no. 69856)

MARC details
000 -LEADER
fixed length control field 00851nam a22002657a 4500
005 - DATE AND TIME OF LATEST TRANSACTION
control field 20221216105131.0
008 - FIXED-LENGTH DATA ELEMENTS--GENERAL INFORMATION
fixed length control field
010 ## - LCCN (DPL NO)
LC control number ENG-105839 ENG-135884
020 ## - INTERNATIONAL STANDARD BOOK NUMBER
International Standard Book Number 9789380740034
Terms of availability 495.00
035 ## - SYSTEM CONTROL NUMBER
System control number EN-89372
035 ## - SYSTEM CONTROL NUMBER
System control number EN-119416
037 ## - SOURCE OF ACQUISITION
Source of stock number/acquisition DBAD/PUB
040 ## - CATALOGING SOURCE
Original cataloging agency DPL
Language of cataloging English
082 ## - DEWEY DECIMAL CLASSIFICATION NUMBER
Classification number 629.222
Edition number 22
100 1# - MAIN ENTRY--PERSONAL NAME
Personal name Bijoy Kumar;Y.
9 (RLIN) 52174
245 10 - TITLE STATEMENT
Title Instant carma :
Remainder of title from the Tata Nano to the Lamborghini Gallardo /
Statement of responsibility, etc by Bijoy Kumar Y.
260 ## - PUBLICATION, DISTRIBUTION, ETC. (IMPRINT)
Place of publication, distribution, etc New Delhi
Name of publisher, distributor, etc BS Books
Date of publication, distribution, etc 2011
270 ## - ADDRESS
Address Nehru House, 4 Bahadur Shah Zafar Marg
City New Delhi
Postal code 110002
300 ## - PHYSICAL DESCRIPTION
Extent xiii, 171p. :
Other physical details col. ill.
Dimensions 21cm(Hb)
650 #0 - SUBJECT ADDED ENTRY--TOPICAL TERM
Topical term or geographic name as entry element Automobiles
9 (RLIN) 52175
650 #0 - SUBJECT ADDED ENTRY--TOPICAL TERM
Topical term or geographic name as entry element Automobiles
Form subdivision Pictorial works
9 (RLIN) 52176
650 #0 - SUBJECT ADDED ENTRY--TOPICAL TERM
Topical term or geographic name as entry element Antique and classic cars
9 (RLIN) 52177
942 ## - ADDED ENTRY ELEMENTS (KOHA)
Source of classification or shelving scheme Dewey Decimal Classification
Item type English Books
Classification part 629.222
Call number suffix BIJ
Holdings
Withdrawn status Lost status Source of classification or shelving scheme Damaged status Not for loan Collection code Home library Current library Date acquired Source of acquisition Cost, normal purchase price Total Checkouts Full call number Barcode Date last seen Copy number Cost, replacement price Koha item type
    Dewey Decimal Classification   Not For Loan Non-fiction D.B.Act.Division D.B.Act.Division 11/09/2012 DBAD / PUB 495.00   629.222 BIJ EN-89372 11/09/2012 1 495.00 English Books
    Dewey Decimal Classification   Not For Loan Non-fiction D.B.Act.Division D.B.Act.Division 16/12/2022 DBAD/PUB 495.00   629.222 BIJ EN-119416 16/12/2022 1 495.00 English Books

© Delhi Public Library
Hit Counter
free hit counter